Rok 2021 na európskych burzách víťazný Amsterdam, pokorený Londýn a odstrčený Frankfurt

Pred pár dňami rezonovala kapitálovými trhmi informácia, že burza v Amsterdame zosadila Londýn z pozície najväčšej burzy cenných papierov v Európe. A dôvod? Brexit. Prekvapujúci je na tom fakt, že Amsterdam vyfúkol pozíciu európskej jednotky Frankfurtu nad Mohanom. Nemecké finančné centrum malo všet...

Descripción completa

Guardado en:
Detalles Bibliográficos
Autor principal: Lacenová, Olívia
Formato: Capítulo de libro
Lenguaje:eslovaco
Materias:
Etiquetas: Agregar Etiqueta
Sin Etiquetas, Sea el primero en etiquetar este registro!

MARC

LEADER 00000naa a2200000 4500
001 0273966
005 20210525173654.8
041 0 |a slo 
044 |a SK 
245 1 0 |a Rok 2021 na európskych burzách  |b víťazný Amsterdam, pokorený Londýn a odstrčený Frankfurt  |c Olívia Lacenová 
520 |a Pred pár dňami rezonovala kapitálovými trhmi informácia, že burza v Amsterdame zosadila Londýn z pozície najväčšej burzy cenných papierov v Európe. A dôvod? Brexit. Prekvapujúci je na tom fakt, že Amsterdam vyfúkol pozíciu európskej jednotky Frankfurtu nad Mohanom. Nemecké finančné centrum malo všetky predpoklady stať sa burzovou jednotkou kontinentu. 
610 2 0 |a burzy 
610 2 0 |a trh kapitálový 
610 2 0 |a papiere cenné 
100 1 |a Lacenová, Olívia